000 00502nam a2200133Ia 4500
008 220216s9999 xx 000 0 und d
100 _aSamaranayake C
245 0 _aPuncture tapping of Hevea brasiliensis in comparison with conventional excision tapping- Sri Lankan experience
260 _bProceedings of the International Rubber Conference, Kuala Lumpur, Malaysia, V.3. 1985; p456-468
650 _aConventional excision tapping
650 _aPuncture tapping
650 _aSri Lanka
942 _cJS
999 _c66099
_d66099